<?xml version="1.0" encoding="UTF-8"?>
<record
    xmlns:xsi="http://www.w3.org/2001/XMLSchema-instance"
    xsi:schemaLocation="http://www.loc.gov/MARC21/slim http://www.loc.gov/standards/marcxml/schema/MARC21slim.xsd"
    xmlns="http://www.loc.gov/MARC21/slim">

  <leader>05277nab a22009137  4500</leader>
  <controlfield tag="003">AR-RoUNA</controlfield>
  <datafield tag="022" ind1=" " ind2=" ">
    <subfield code="a">0327-9022</subfield>
  </datafield>
  <datafield tag="040" ind1=" " ind2=" ">
    <subfield code="a">AR-RoUNA</subfield>
    <subfield code="b">spa</subfield>
  </datafield>
  <datafield tag="041" ind1=" " ind2=" ">
    <subfield code="a">spa</subfield>
  </datafield>
  <datafield tag="044" ind1=" " ind2=" ">
    <subfield code="a">ag</subfield>
  </datafield>
  <datafield tag="245" ind1=" " ind2=" ">
    <subfield code="a">Summa+ /</subfield>
    <subfield code="b">Geometr&#xED;as Circulares</subfield>
  </datafield>
  <datafield tag="260" ind1=" " ind2=" ">
    <subfield code="a">Buenos Aires (Argentina):</subfield>
    <subfield code="c">Donn SA,</subfield>
    <subfield code="b">1993.</subfield>
  </datafield>
  <datafield tag="300" ind1=" " ind2=" ">
    <subfield code="a">144 p. :</subfield>
    <subfield code="b">il. byn.</subfield>
    <subfield code="b">planos</subfield>
    <subfield code="c">34X25 cm.</subfield>
  </datafield>
  <datafield tag="505" ind1="0" ind2=" ">
    <subfield code="t">INDICE</subfield>
  </datafield>
  <datafield tag="505" ind1="0" ind2=" ">
    <subfield code="t">GEMETR&#xCD;AS CIRCULARES</subfield>
  </datafield>
  <datafield tag="505" ind1="0" ind2=" ">
    <subfield code="t">RECORTES</subfield>
  </datafield>
  <datafield tag="505" ind1="0" ind2=" ">
    <subfield code="a">Juan Carlos Menacho / Casa Moneda China, Santa Cruz de la Sierra, Bolivia, 2013. p. 4 </subfield>
  </datafield>
  <datafield tag="505" ind1="0" ind2=" ">
    <subfield code="a">Loeb Capote / Puente Bayer, San Pablo, Brasil, 2014. p. 4</subfield>
  </datafield>
  <datafield tag="505" ind1="0" ind2=" ">
    <subfield code="a">Juan Moga Romero / Pabell&#xF3;n Multideporte, Granada, Espa&#xF1;a, 2014. p. 5</subfield>
  </datafield>
  <datafield tag="505" ind1="0" ind2=" ">
    <subfield code="a">Normal^tm / Tender Vortex, Mar del Plata, Argentina, 2015. p. 5</subfield>
  </datafield>
  <datafield tag="505" ind1="0" ind2=" ">
    <subfield code="a">Josep Fernando / Unidad Material - Pabell&#xF3;n &#xA8;Ocho Quebradas&#xA8;, Los Vilos, Chile, 2015. p. 6</subfield>
  </datafield>
  <datafield tag="505" ind1="0" ind2=" ">
    <subfield code="a">Wolfgang Buttress junto a Stage One, Simmonds Studio, BDP y Dr. Martin Bencsik / UK Pavillion Milan, Mil&#xE1;n, Italia 2015. p. 7</subfield>
  </datafield>
  <datafield tag="505" ind1="0" ind2=" ">
    <subfield code="t">SUSTRACCIONES</subfield>
  </datafield>
  <datafield tag="505" ind1="0" ind2=" ">
    <subfield code="a">Valeria Matayoshi / Encerrar un vac&#xED;o. p. 8</subfield>
  </datafield>
  <datafield tag="505" ind1="0" ind2=" ">
    <subfield code="a">Toshiko Mori Architects / Tread, Residencia de artistas y Centro Cultural, Sinthian, Senegal. p. 8</subfield>
  </datafield>
  <datafield tag="505" ind1="0" ind2=" ">
    <subfield code="a">Naito Architects and associates / Museo Mkino de las plantas y de las personas, Kichi-Shi, Jap&#xF3;n. p. 9</subfield>
  </datafield>
  <datafield tag="505" ind1="0" ind2=" ">
    <subfield code="a">Nieto Sobejano arqs. S.L.P, Fuentesanta Nieto, Enrique Sobejano, EEP, Gerhard Eder, Christian Egger, Bernd Priesching / Ampliaci&#xF3;n del Museo Joanneum, Graz, Austria. p. 9</subfield>
  </datafield>
  <datafield tag="505" ind1="0" ind2=" ">
    <subfield code="t">AGUA Y COMUNIDAD</subfield>
  </datafield>
  <datafield tag="505" ind1="0" ind2=" ">
    <subfield code="a">Toshiko Mori Architectes / Thread, Residencia de artistas y Centro Cultural. p. 10</subfield>
  </datafield>
  <datafield tag="505" ind1="0" ind2=" ">
    <subfield code="t">PARECIDOS PERO DIFERENTES</subfield>
  </datafield>
  <datafield tag="505" ind1="0" ind2=" ">
    <subfield code="a">Maito architectes and associates / Museo Makino de las plantas y de las personas. p. 20</subfield>
  </datafield>
  <datafield tag="505" ind1="0" ind2=" ">
    <subfield code="a">Naito Architects and Associates / Museo Makino de las plantas y de las personas, Kochi-Shi, prefectura de Kochi, Jap&#xF3;n, 1999. p. 28</subfield>
  </datafield>
  <datafield tag="505" ind1="0" ind2=" ">
    <subfield code="t">SUPERFICIE Y PROFUNDIDAD</subfield>
  </datafield>
  <datafield tag="505" ind1="0" ind2=" ">
    <subfield code="a">Nieto Sobejano arquitectos S.L.P - EEP Architekten / Ampliaci&#xF3;n del Museo Joanneum. p. 32</subfield>
  </datafield>
  <datafield tag="505" ind1="0" ind2=" ">
    <subfield code="a">Nieto Sobejano arqs. S.L.P/ Fuentesanta Nieto - Enrque Sobejano / EEP Architekten - Gerhard Eder - Cristian Egger - Bernad Priesching / Ampliaci&#xF3;n del Museo Joanneum, Graz, Austria, 2011. p. 38</subfield>
  </datafield>
  <datafield tag="505" ind1="0" ind2=" ">
    <subfield code="t">IN&#xC9;S MOLINARI - L&#xD3;GICAS DE AGREGACI&#xD3;N </subfield>
  </datafield>
  <datafield tag="505" ind1="0" ind2=" ">
    <subfield code="a">Mansulla + Tu&#xF1;on / Concejo de Lal&#xED;n. p. 43</subfield>
  </datafield>
  <datafield tag="505" ind1="0" ind2=" ">
    <subfield code="a">&#xC1;balos + Sentkiewicz / Lolita Edificio de Oficinas, Madrid, Espa&#xF1;a. p. 43</subfield>
  </datafield>
  <datafield tag="505" ind1="0" ind2=" ">
    <subfield code="a">Nieto Sobejano / Museo de la historia de Lugo, Lugo, Espa&#xF1;a. p. 43</subfield>
  </datafield>
  <datafield tag="505" ind1="0" ind2=" ">
    <subfield code="t">ESCENARIO DE VOLUNTADES</subfield>
  </datafield>
  <datafield tag="505" ind1="0" ind2=" ">
    <subfield code="a">Mansilla + Tu&#xF1;on / Concejo de Lal&#xED;n. p. 44</subfield>
  </datafield>
  <datafield tag="505" ind1="0" ind2=" ">
    <subfield code="a">Luis M. Mansilla y Emilio Tu&#xF1;on &#xC1;lvarez / Concejo de Lal&#xED;n, Lal&#xED;n, Ponteverde, Espa&#xF1;a, 2011. p. 48</subfield>
  </datafield>
  <datafield tag="505" ind1="0" ind2=" ">
    <subfield code="t">LIGERA VOLUPTUOSIDAD</subfield>
  </datafield>
  <datafield tag="505" ind1="0" ind2=" ">
    <subfield code="a">&#xC1;balos + Sentkiewicz / Lolita Edificio de oficinas, Madrid, Espa&#xF1;a, 2009. p. 53</subfield>
  </datafield>
  <datafield tag="505" ind1="0" ind2=" ">
    <subfield code="t">CONSTELACI&#xD3;N DE LINTERNAS</subfield>
  </datafield>
  <datafield tag="505" ind1="0" ind2=" ">
    <subfield code="a">Nieto Sobejano S.L.P / Muse de la historia de Lugo, Lugo, Espa&#xF1;a, 2011. p. 60</subfield>
  </datafield>
  <datafield tag="505" ind1="0" ind2=" ">
    <subfield code="t">OBJETOS NO-VOLADORES IDENTIFICABLES - Mart&#xED;n Di Pecco</subfield>
  </datafield>
  <datafield tag="505" ind1="0" ind2=" ">
    <subfield code="t">LA NAVE DEL BIENESTAR</subfield>
  </datafield>
  <datafield tag="505" ind1="0" ind2=" ">
    <subfield code="a">Nestl&#xE9; Wellnes Centre / Richter Dahl Rocha &amp; Associ&#xE9;s, Vevey, Suiza, 2008. p. 72</subfield>
  </datafield>
  <datafield tag="505" ind1="0" ind2=" ">
    <subfield code="t">LAS ELIPSES DE LA CONEXI&#xD3;N BIENVENIDA</subfield>
  </datafield>
  <datafield tag="505" ind1="0" ind2=" ">
    <subfield code="a">Ana Elvira V&#xE9;lez Villa y Lorenzo Castro Jaramillo / Caf&#xE9; del bosque, Medell&#xED;n, Colombia, 2007. p. 78</subfield>
  </datafield>
  <datafield tag="505" ind1="0" ind2=" ">
    <subfield code="t">LA EXPRIMIDORA DE LOS TALENTOS EXTREMOS</subfield>
  </datafield>
  <datafield tag="505" ind1="0" ind2=" ">
    <subfield code="a">Cebra, Glifberg + Lykke / Streetdome, Haderslev, Dinamarca, 2014. p. 84</subfield>
  </datafield>
  <datafield tag="505" ind1="0" ind2=" ">
    <subfield code="t">LAS CURVAS DE SALMONA - Benjam&#xED;n Barney Caldas. p. 90</subfield>
  </datafield>
  <datafield tag="505" ind1="0" ind2=" ">
    <subfield code="t">GORDON MATTA - CLARK: UNA - ARQUITECTURA - Roberto Lombardi. p. 99</subfield>
  </datafield>
  <datafield tag="505" ind1="0" ind2=" ">
    <subfield code="t">PROYECTAR LA DEMOLICI&#xD3;N </subfield>
  </datafield>
  <datafield tag="505" ind1="0" ind2=" ">
    <subfield code="a">Ariel Jacubovich y Ver&#xF3;nica Asencio / Casa Isabella, Villa Crespo, Bs As, 2000. p. 104</subfield>
  </datafield>
  <datafield tag="505" ind1="0" ind2=" ">
    <subfield code="a">Churtichaga+Quadra Salcedo / Hub Flat, Madrid, Espa&#xF1;a, 2012. p. 106</subfield>
  </datafield>
  <datafield tag="505" ind1="0" ind2=" ">
    <subfield code="t">PALABRAS CRUZADAS</subfield>
  </datafield>
  <datafield tag="505" ind1="0" ind2=" ">
    <subfield code="t">PANTEONES MODERNOS</subfield>
  </datafield>
  <datafield tag="505" ind1="0" ind2=" ">
    <subfield code="t">LATINOAM&#xC9;RICA VOLVI&#xD3; AL MONA - Fernando Diez. p. 113</subfield>
  </datafield>
  <datafield tag="505" ind1="0" ind2=" ">
    <subfield code="t"> LABORATORIOS URBANOS - VIVIENDA - EXPORTACI&#xD3;N - UTOP&#xCC;A</subfield>
  </datafield>
  <datafield tag="505" ind1="0" ind2=" ">
    <subfield code="t">REGISTRO Y MEMORIA - Fernando Diez. p. 127</subfield>
  </datafield>
  <datafield tag="505" ind1="0" ind2=" ">
    <subfield code="t">GEOMETR&#xCD;A EN EL TIEMPO - Borja Ferrater. p. 129</subfield>
  </datafield>
  <datafield tag="505" ind1="0" ind2=" ">
    <subfield code="t">CENTRALIDAD PRODUCTIVA - In&#xE9;s Molinari. p. 132</subfield>
  </datafield>
  <datafield tag="505" ind1="0" ind2=" ">
    <subfield code="a">OMA / West Louisville Food Port, Kentucky, Estados Unidos, 2015. p. 133</subfield>
  </datafield>
  <datafield tag="505" ind1="0" ind2=" ">
    <subfield code="t">ALEGR&#xCD;AS P&#xD3;STUMAS - Ruth Verde Zein y Anita Di Marco. p. 136</subfield>
  </datafield>
  <datafield tag="505" ind1="0" ind2=" ">
    <subfield code="t">ALTO EN EL CIELO: LA ZAGA DEL MONADNOCK - Rafael E. J. Iglesia. p. 138</subfield>
  </datafield>
  <datafield tag="505" ind1="0" ind2=" ">
    <subfield code="t">SANTIAGO DE COMPOSTELA EN PAPEL - Ignacio Ros de Olano. p. 140</subfield>
  </datafield>
  <datafield tag="505" ind1="0" ind2=" ">
    <subfield code="t">MEMORIA Y OLVIDO EN DRESDE - Mario Sabugo. p. 142</subfield>
  </datafield>
  <datafield tag="505" ind1="0" ind2=" ">
    <subfield code="t">MONUMENTOS P&#xDA;BLICOS. VILLANOVA Y LA POL&#xCD;TICA BARROCA - Roberto Fern&#xE1;ndez. p. 143</subfield>
  </datafield>
  <datafield tag="505" ind1="0" ind2=" ">
    <subfield code="t">LA FORMA DE LA INFORMALIDAD - Mar&#xED;a Eugenia Jaime y Juli&#xE1;n Savarredy. p. 144</subfield>
  </datafield>
  <datafield tag="650" ind1=" " ind2=" ">
    <subfield code="2">Arquitectura contepor&#xE1;nea</subfield>
  </datafield>
  <datafield tag="773" ind1="0" ind2=" ">
    <subfield code="a">Summa+</subfield>
    <subfield code="d">Buenos Aires, Argentina</subfield>
    <subfield code="g">N&#xBA;144 (jul, 2015), p. 144</subfield>
    <subfield code="x">0327-9022</subfield>
  </datafield>
  <datafield tag="908" ind1=" " ind2=" ">
    <subfield code="a">Imp</subfield>
  </datafield>
  <datafield tag="942" ind1=" " ind2=" ">
    <subfield code="2">udc</subfield>
    <subfield code="c">ART</subfield>
  </datafield>
  <datafield tag="945" ind1=" " ind2=" ">
    <subfield code="d">2022-07-08</subfield>
  </datafield>
  <datafield tag="980" ind1=" " ind2=" ">
    <subfield code="6">138</subfield>
    <subfield code="a">Carolina Rainero</subfield>
    <subfield code="8">138</subfield>
    <subfield code="g">Carolina Rainero</subfield>
  </datafield>
  <datafield tag="999" ind1=" " ind2=" ">
    <subfield code="c">12298</subfield>
    <subfield code="d">12298</subfield>
  </datafield>
  <datafield tag="952" ind1=" " ind2=" ">
    <subfield code="0">0</subfield>
    <subfield code="1">0</subfield>
    <subfield code="2">udc</subfield>
    <subfield code="4">0</subfield>
    <subfield code="7">0</subfield>
    <subfield code="a">AR-RoUNA</subfield>
    <subfield code="b">AR-RoUNA</subfield>
    <subfield code="c">Heme</subfield>
    <subfield code="d">2025-12-09</subfield>
    <subfield code="e">Sub</subfield>
    <subfield code="l">0</subfield>
    <subfield code="p">1002887</subfield>
    <subfield code="r">2025-12-09</subfield>
    <subfield code="t">ej. 1</subfield>
    <subfield code="w">2025-12-09</subfield>
    <subfield code="y">ART</subfield>
    <subfield code="k">K6</subfield>
    <subfield code="x"></subfield>
  </datafield>
</record>
